| 000 | 00969nam a2200337 a 4500 | ||
|---|---|---|---|
| 001 | 21634 | ||
| 003 | VRT | ||
| 005 | 20260307095915.0 | ||
| 008 | 950616s1992 xo a 000 1 slo c | ||
| 020 |
_a8071500593 _c59.00 |
||
| 035 | _aUKB000022484 | ||
| 040 |
_aBAA001 _bslo _cBAA001 _eAACR2 |
||
| 041 | 1 | _aslo | |
| 044 |
_axo _cSK |
||
| 080 | _a556.001.4(02.053.2)=03 | ||
| 100 | 1 | _aArdley, Neil | |
| 245 | 0 | 0 |
_aMoja kniha pokusov - Voda _bFotogr.Clive Streeter.Z angl.orig.prel. Peter Gomolčák. |
| 260 |
_aBratislava _bChampagne Avantgarde _c1992 |
||
| 300 | _a29 s. | ||
| 490 | 1 |
_aMoja kniha pokusov _vzv.1 |
|
| 500 | _aFrontsp | ||
| 653 | _a556.001.4(02.053.2)=03 | ||
| 700 | 1 | _aGomolčák, Peter | |
| 700 | 1 | _aStreeter, Clive | |
| 760 | 1 |
_tMoja kniha pokusov _gzv.1 |
|
| 830 | 0 |
_aMoja kniha pokusov _vzv.1 |
|
| 910 | _aukb | ||
| 942 |
_2ddc _cOLDE _n0 |
||
| 949 |
_61800087798 _a30.D.49243 _bPV.9981-92 |
||
| 949 |
_61800613811 _aSL.D.16200 _bPV.9982-92 |
||
| 999 |
_c21634 _d21634 |
||